| 000 | 00578nam a2200193Ia 4500 | ||
|---|---|---|---|
| 005 | 20250508164801.0 | ||
| 008 | 008 250505s9999 xx 000 0 eng d | ||
| 020 | _a978-1-4020-9301-2 | ||
| 037 | _aReference | ||
| 040 |
_aFEDL _beng _cFEDL |
||
| 041 |
_aeng _2eng |
||
| 084 |
_a370, MSU/RR _qFEDL |
||
| 245 | 0 | _aDevelopmental challeges and education determinism | |
| 245 | 0 | _cMSUNIVERSITY, BARODA | |
| 260 |
_aGujarat, India _bThe Maharaja Sayajirao University of India _c2010 |
||
| 300 | _a151p. | ||
| 942 |
_cREF _h370, MSU/RR |
||
| 999 |
_c1391151 _d1391151 |
||